000 01309nam a2200289 c 4500
999 _c61864
_d61864
003 BLK
005 20210205142258.0
008 180408b bul|||||r ||||||| ||bul||
010 _aKNG00066072000
040 _aBLK
041 _aRUS
_cRUS
080 _aОбщи енциклопедии. Енциклопедични речници. Научни справочници. Отраслови енциклопедии и справочници се класират в съответните отдели с определител за форма
_b03
_z03
139 _aБольшая советская энциклопедия
_bБ 61
245 1 0 _aБольшая советская энциклопедия
_bТ. 1 -
_cред. Александр Михайлович Прохоров.
_nТ. 21
_pПроба - Ременсы
250 _a3. изд.
257 _aRUS
260 _bСов. энциклопедия
_c1970 -
_aМосква
300 _c30 см
380 _a0
700 1 _aПрохоров, Александр Михайлович
_eред.
_9369693
760 1 _b3. изд.
_d1975
_h639 с.
_tТ. 21 Проба - Ременсы
852 _aЦб ІІ 3858
856 4 _qpdf
856 4 _qpdf
942 _cKNG
_n0
_s1
944 _aCR
_c13.06.2004
_kГеновева_Генчева
944 _aED
_c11.09.2008
999 _d61864